000 00618nam a22001811c 4500
001 a987689948
008 180711s1972 gw |||| 000u ger d
041 _ager
100 1 _aPirnie, Bruce R.
245 0 4 _aDas britische Parlament in der Aussenpolitik 1892 - 1902 :
_bInaugural-Dissertation zur Erlangung der Doktorwürde der Philosophisch-Historischen Fakultät der Ruprecht-Karl-Universität zu Heidelberg /
_cBruce R. Pirnie
264 _aUtica, New York,
_c1972
300 _a260 S.
502 _aHeidelberg, Univ
655 0 _aHochschulschrift
942 _cMG
040 _cRU-10907106
003 RU-10907106
999 _c50205
_d50205